The Sexual Bond: (Record no. 1087)

MARC details
000 -LEADER
fixed length control field 008040000a22002770004500
003 - CONTROL NUMBER IDENTIFIER
control field LK-CoMWRAF
005 - DATE AND TIME OF LATEST TRANSACTION
control field 20231102122927.0
008 - FIXED-LENGTH DATA ELEMENTS--GENERAL INFORMATION
fixed length control field 230817t1989 ||||| |||| 00| 0 eng d
020 ## - INTERNATIONAL STANDARD BOOK NUMBER
International Standard Book Number 0803926103
040 ## - CATALOGING SOURCE
Original cataloging agency LK-CoMWRAF
Modifying agency LK-CoMWRAF
Description conventions LK-CoMWRAF
041 ## - LANGUAGE CODE
Language code of text/sound track or separate title English
082 ## - DEWEY DECIMAL CLASSIFICATION NUMBER
Classification number 306.8
Item number SEX
942 ## - ADDED ENTRY ELEMENTS (KOHA)
Koha item type Books
700 ## - ADDED ENTRY--PERSONAL NAME
Personal name Scanzoni, John
700 ## - ADDED ENTRY--PERSONAL NAME
Personal name Polonko, Karen
700 ## - ADDED ENTRY--PERSONAL NAME
Personal name Teachman, Jay
700 ## - ADDED ENTRY--PERSONAL NAME
Personal name Thompson, Linda
245 ## - TITLE STATEMENT
Title The Sexual Bond:
Remainder of title Rethinking Families and Close Relationship
260 ## - PUBLICATION, DISTRIBUTION, ETC. (IMPRINT)
Place of publication, distribution, etc. California:
Name of publisher, distributor, etc. Sage,
Date of publication, distribution, etc. 1989
300 ## - PHYSICAL DESCRIPTION
Extent 296 p. : ill. ; 23 cm.
Other physical details Bibliography and index included
490 ## - SERIES STATEMENT
Series statement Sage library of social research
Volume/sequential designation v.170
650 ## - SUBJECT ADDED ENTRY--TOPICAL TERM
Topical term or geographic name as entry element MARRIAGE
650 ## - SUBJECT ADDED ENTRY--TOPICAL TERM
Topical term or geographic name as entry element Sex in marriage
650 ## - SUBJECT ADDED ENTRY--TOPICAL TERM
Topical term or geographic name as entry element Interpersonal relations
650 ## - SUBJECT ADDED ENTRY--TOPICAL TERM
Topical term or geographic name as entry element Women-Employment
Holdings
Withdrawn status Lost status Damaged status Not for loan Permanent Location Current Location Date acquired Full call number Barcode Koha item type
        Resource center, Muslim Women's Research And Action Forum Resource center, Muslim Women's Research And Action Forum 2023-08-17 306.8 SEX RAF1588 Books

Copyright © 2023 Muslim Women's Research and Action Forum (MWRAF), No 27/3, Anderson Road, Kalubowila, Dehiwela. Funded by The Asia Fundation